ARRUPE JESUIT UNIVERSITY

CORONAVIRUS -STOP THE SPREAD - CLEAN,DISINFECT,COVER

How modern should theology be? (Record no. 131545)

MARC details
000 -LEADER
fixed length control field 01047cam a2200313 4500
001 - CONTROL NUMBER
control field 369598
003 - CONTROL NUMBER IDENTIFIER
control field ARRUPE
005 - DATE AND TIME OF LATEST TRANSACTION
control field 20221121110720.0
008 - FIXED-LENGTH DATA ELEMENTS--GENERAL INFORMATION
fixed length control field 860317s1970 enk 000 0 eng
010 ## - LIBRARY OF CONGRESS CONTROL NUMBER
LC control number 77555668
015 ## - NATIONAL BIBLIOGRAPHY NUMBER
National bibliography number B70-13142
020 ## - INTERNATIONAL STANDARD BOOK NUMBER
International Standard Book Number 0006223370 :
Terms of availability 5/-
028 ## - PUBLISHER NUMBER
Source Arrupe
040 ## - CATALOGING SOURCE
Original cataloging agency DLC
Transcribing agency DLC
Modifying agency DLC
041 1# - LANGUAGE CODE
Language code of text/sound track or separate title engger
050 00 - LIBRARY OF CONGRESS CALL NUMBER
Classification number BX8066.T46
Item number W513 1970
082 00 - DEWEY DECIMAL CLASSIFICATION NUMBER
Classification number 201/.1
300 ## - PHYSICAL DESCRIPTION
Dimensions 18 cm.
100 1# - MAIN ENTRY--PERSONAL NAME
Personal name Thielicke, Helmut,
Dates associated with a name 1908-1986.
9 (RLIN) 34111
240 10 - UNIFORM TITLE
Uniform title <a href="Wie modern darf die Theologie sein?">Wie modern darf die Theologie sein?</a>
Language of a work English
245 10 - TITLE STATEMENT
Title How modern should theology be?
Statement of responsibility, etc translated [from the German] by H. George Anderson.
260 ## - PUBLICATION, DISTRIBUTION, ETC. (IMPRINT)
Place of publication, distribution, etc London,
Name of publisher, distributor, etc Fontana,
Date of publication, distribution, etc 1970.
300 ## - PHYSICAL DESCRIPTION
Extent vi, 90 p.
440 #0 - SERIES STATEMENT/ADDED ENTRY--TITLE
Title Fontana religious
9 (RLIN) 51876
500 ## - GENERAL NOTE
General note Originally published as "Wie modern darf die Theologie sein?" Stuttgart, Quell-Verlag, 1967.
650 #0 - SUBJECT ADDED ENTRY--TOPICAL TERM
Topical term or geographic name as entry element Lutheran Church
General subdivision Sermons.
9 (RLIN) 51877
650 #0 - SUBJECT ADDED ENTRY--TOPICAL TERM
Topical term or geographic name as entry element Sermons, German
General subdivision Translations into English.
9 (RLIN) 11677
906 ## - LOCAL DATA ELEMENT F, LDF (RLIN)
a 7
b cbc
c orignew
d 4
e ncip
f 19
g y-gencatlg
942 ## - ADDED ENTRY ELEMENTS (KOHA)
Source of classification or shelving scheme Library of Congress Classification
Koha item type Monograph ( Printed materials)
Holdings
Withdrawn status Lost status Source of classification or shelving scheme Damaged status Not for loan Home library Current library Shelving location Date acquired Total Checkouts Full call number Barcode Date last seen Price effective from Koha item type
    Library of Congress Classification     ARRUPE LIBRARY ARRUPE LIBRARY Main Collection 21/11/2022   BX8066.T46 W513 1970 46700000029 21/11/2022 21/11/2022 Monograph ( Printed materials)

 

Arrupe Library. PO Box MP320 Mt Pleasant, Harare, Zimbabwe
263 242 745411|librarian@aju.ac.zw